• 首页
  • 本馆介绍
  • 公告通知
  • 最新文献
  • 馆藏检索
  • 电子资源
  • 读者荐购
  • 参考咨询
  • CALIS
  • 我的图书馆
  • 登录
  • 详细信息显示
  • 放入我的书架
  • 预约/预借图书
  • 作者相关作品
  • 分类相关作品
  • 丛书相关作品
  • 出版社相关作品

书目信息

  • 表格格式
  • 工作单格式
  • 卡片格式
题名:
实物与暗物的数理逻辑
    
 
作者: 阴和俊 , 宋文淼 著
分册:  
出版信息: 北京   科学出版社  2007.04
页数: 159页
开本: 24cm
丛书名: 信息时代的物理世界
单 册:
中图分类: O411.1
科图分类:
主题词: 理论物理学
电子资源:
ISBN: 7-03-016422-3
 
 
 
 
 
000 00689 nam 000241
001 0100002203
005 20070902154810.95
010    @a7-03-016422-3@dCNY20.00
100    @a20070807d2007 em y0chiy0121 ea
101    @achi
102    @aCN@b110000
105    @ay z 000yy
200 10 @a实物与暗物的数理逻辑@9shi wu yu an wu de shu li luo ji@f宋文淼,阴和俊著@Fsong wen miao , yin he jun zhu
210    @a北京@c科学出版社@d2007.04
215    @a159页@d24cm
225    @a信息时代的物理世界
606    @a理论物理学
690    @aO411.1@v4
701  1 @a阴和俊@9yin he jun@4著
701  0 @a宋文淼@9song wen miao@4著
801    @aCN@c20070902
901    @a000003
905    @dO411.1@eS782
    
    实物与暗物的数理逻辑/宋文淼,阴和俊著.-北京:科学出版社,2007.04
    159页;24cm.-(信息时代的物理世界)
    
    
    ISBN 7-03-016422-3:CNY20.00
    
●
相关链接 在E读中查询图书 在当当中查询图书 在豆瓣中查询图书


正题名:实物与暗物的数理逻辑     索取号:O411.1/S782         预约/预借

序号 登录号 条形码 馆藏地/架位号 状态 备注
1 644796   206447969   自科库401/401自科库 57排4列1层/ [索取号:O411.1/S782] 在馆    
2 644797   206447978   自科库401/401自科库 57排4列1层/ [索取号:O411.1/S782] 在馆    
3 644798   206447987   自科库401/401自科库 57排4列1层/ [索取号:O411.1/S782] 在馆    
河南城建学院图书馆 欢迎您!
大连网信软件有限公司© 版权所有